Advanced course in computer science / (Record no. 61821)
[ view plain ]
| 000 -LEADER | |
|---|---|
| fixed length control field | 00388nam a22001337a 4500 |
| 005 - DATE AND TIME OF LATEST TRANSACTION | |
| control field | 20181102144707.0 |
| 020 ## - INTERNATIONAL STANDARD BOOK NUMBER | |
| International Standard Book Number | 8188951080 |
| Terms of availability | 150.00 |
| 035 ## - SYSTEM CONTROL NUMBER | |
| System control number | B-228912 ,B-228930 |
| 245 ## - TITLE STATEMENT | |
| Title | Advanced course in computer science / |
| 260 ## - PUBLICATION, DISTRIBUTION, ETC. (IMPRINT) | |
| Place of publication, distribution, etc | New Delhi |
| Name of publisher, distributor, etc | GBD Books |
| Date of publication, distribution, etc | 2005 |
| 300 ## - PHYSICAL DESCRIPTION | |
| Extent | various pages |
| Dimensions | 24 cms. |
| 942 ## - ADDED ENTRY ELEMENTS (KOHA) | |
| Source of classification or shelving scheme | Dewey Decimal Classification |
| Item type | English Books |
| Classification part | 004 |
| Call number suffix | GBD |
| Withdrawn status | Lost status | Not for loan | Collection code | Home library | Current library | Date acquired | Cost, normal purchase price | Full call number | Barcode | Cost, replacement price | Koha item type | Copy number | Source of acquisition |
|---|---|---|---|---|---|---|---|---|---|---|---|---|---|
| Non-fiction | Kadipur | Kadipur | 10/07/2019 | 150.00 | 004 GBD | B-228926 | 150.00 | English Books | BPPD/PUB | ||||
| Non-fiction | R.C.Libraries (zls) | R.C.Libraries (zls) | 02/11/2018 | 150.00 | 004 GBD | B-228930 | 150.00 | English Books | 1 | ||||
| Non-fiction | Sarojini Nagar | Sarojini Nagar | 02/02/2012 | 150.00 | 004 GBD | B-228912 | 150.00 | English Books | |||||
| Non-fiction | Sarojini Nagar | Sarojini Nagar | 02/02/2012 | 150.00 | 004 GBD | B-228931 | 150.00 | English Books | |||||
| Non-fiction | Sarojini Nagar | Sarojini Nagar | 02/02/2012 | 150.00 | 004 GBD | B-228932 | 150.00 | English Books |
